000
00253nam a22001097a 4500
082
_a
792 CAM'T
100
_a
BARNES & NOBLE,CAMERSON, K. M
_9
59471
245
_a
ART AND ANATOMY
260
_a
NEWYORK
_b
BARNES & NOBLE
_c
1946
300
_a
80P
942
_c
BK
999
_c
569443
_d
569443